000 00525nam a2200181Ia 4500
999 _c50413
_d50413
001 17357
003 GE_BSU
005 20240813144103.0
008 181216s1977||||enk|||||||||||||| ||eng||
040 _cGE_BSU
080 _a821.111 A-47
245 _aAmerican Patchwork. A collection of American short stories for advanced students of english as a Foreign language.
264 _c1977.
300 _a214 p.
541 _h10 Gel.
653 _aამერიკული მოთხრობები
942 _cBK
_2udc